000 00529nam a2200193Ia 4500
003 OSt
005 20200812122355.0
008 190216s9999||||xx |||||||||||||| ||und||
020 _a9780070634251
040 _coclc
082 _a547
_bPIN/O
100 _aPine, Stanley H
_94056
245 0 _aOrganic Chemistry /
_cStanley H Pine
250 _a5th Ed.
260 _bTata Mcgrawhill Publishers,
_aNew Delhi:
_c2007.
300 _a1187p
650 _aChemistry
942 _cBK
_2ddc
_h547
_iPIN/O
_k547
_mPIN/O
999 _c3381
_d3381